000
00305nam a2200133Ia 4500
008
191201s2009 xx 000 0 und d
100
_a
GROVER,G.K
245
0
_a
Mechanical Vibrations
250
_a
8TH
260
_a
N. Delhi
_b
Nem Chand
_c
2009
300
_a
436
650
_a
M.Tech (ME)
942
_2
ddc
_c
BK
999
_c
5090
_d
5090